Accelerators for continuous vulcanisation of cable compounds (Record no. 53737)

MARC details
000 -LEADER
fixed length control field 00351nam a2200133Ia 4500
100 ## - MAIN ENTRY--AUTHOR NAME
Personal name Manson J
245 #0 - TITLE STATEMENT
Title Accelerators for continuous vulcanisation of cable compounds
260 ## - PUBLICATION, DISTRIBUTION, ETC. (IMPRINT)
Name of publisher IRI Transactions
Year of publication 1953
300 ## - PHYSICAL DESCRIPTION
Number of Pages 148-159
650 ## - SUBJECT ADDED ENTRY--TOPICAL TERM
Topical Term Accelerators
650 ## - SUBJECT ADDED ENTRY--TOPICAL TERM
Topical Term Vulcanisation
942 ## - ADDED ENTRY ELEMENTS (KOHA)
Koha item type Journals
Holdings
Withdrawn status Lost status Damaged status Not for loan Home library Current library Shelving location Date acquired Serial Enumeration / chronology Koha item type
      Journals RRII Library RRII Library Rubber chemistry 17/12/2021 Volume 29, Issue 3 Journals